|
|
|
|
| LEADER |
01859nam a2200373 a 4500 |
| 001 |
1488 |
| 003 |
BD-DhAAL |
| 005 |
20150210101520.0 |
| 008 |
150210s1991 caua b 001 0 eng |
| 010 |
|
|
|a 91022015
|
| 020 |
|
|
|a 0803943393 (cloth)
|
| 020 |
|
|
|a 0803943407 (pbk.)
|
| 040 |
|
|
|a DLC
|c DLC
|d DLC
|d BD-DhAAL
|
| 050 |
0 |
0 |
|a HM146
|b .B584 1991
|
| 082 |
0 |
0 |
|a 305
|2 20
|
| 100 |
1 |
|
|a Blalock, Hubert M.
|9 8194
|
| 245 |
1 |
0 |
|a Understanding social inequality :
|b modeling allocation processes /
|c Hubert M. Blalock, Jr.
|
| 260 |
|
|
|a Newbury Park, Calif. :
|b Sage Publications,
|c c1991.
|
| 300 |
|
|
|a xiv, 258 p. :
|b ill. ;
|c 23 cm.
|
| 440 |
|
0 |
|a ;
|9 8195
|
| 490 |
|
|
|a Sage library of social research
|v v. 188
|
| 504 |
|
|
|a Includes bibliographical references (p. 246-250) and indexes.
|
| 541 |
|
|
|e 1488
|
| 650 |
|
0 |
|a Equality.
|9 7688
|
| 650 |
|
0 |
|a Distributive justice.
|9 8196
|
| 650 |
|
0 |
|a Resource allocation.
|9 8197
|
| 650 |
|
0 |
|a Decision making.
|9 7644
|
| 942 |
|
|
|2 ddc
|c BK
|
| 999 |
|
|
|c 33641
|d 33641
|
| 952 |
|
|
|0 0
|1 0
|2 ddc
|4 0
|6 305_000000000000000_BLA
|7 0
|9 52539
|a SCL
|b SCL
|c GEN
|d 2015-02-10
|e Gift: The Asia Foundation
|l 0
|o 305 BLA
|p 3020001488
|r 2015-02-10
|t 1
|w 2015-02-10
|y BK
|
| 952 |
|
|
|0 0
|1 0
|2 ddc
|4 0
|6 305_000000000000000_BLA
|7 0
|9 52692
|a SCL
|b SCL
|c GEN
|d 2015-02-18
|e Gift: The Asia Foundation
|l 0
|o 305 BLA
|p 3020001489
|r 2015-02-18
|t 2
|w 2015-02-18
|y BK
|
| 952 |
|
|
|0 0
|1 0
|2 ddc
|4 0
|6 305_000000000000000_BLA
|7 0
|9 52693
|a SCL
|b SCL
|c GEN
|d 2015-02-18
|e Gift: The Asia Foundation
|l 0
|o 305 BLA
|p 3020000309
|r 2015-02-18
|t 3
|w 2015-02-18
|y BK
|
| 952 |
|
|
|0 0
|1 0
|2 ddc
|4 0
|6 305_000000000000000_BLA
|7 0
|9 52694
|a SCL
|b SCL
|c GEN
|d 2015-02-18
|e Gift: The Asia Foundation
|l 0
|o 305 BLA
|p 3020000402
|r 2015-02-18
|t 4
|w 2015-02-18
|y BK
|
| 952 |
|
|
|0 0
|1 0
|2 ddc
|4 0
|6 305_000000000000000_BLA
|7 0
|9 52695
|a SCL
|b SCL
|c GEN
|d 2015-02-18
|e Gift: The Asia Foundation
|l 0
|o 305 BLA
|p 3020000306
|r 2015-02-18
|t 5
|w 2015-02-18
|y BK
|